Der Praterstern ist kein Himmelskörper : gesammelte Texte /

"Kneissls Gabe der Registrierung, der Beschreibung feinster Nuancen und Verhaltensmuster im Alltagsleben, im Ballett der öffentlichen und privaten Raumnutzungen, in den grotesken Powerplays von Politik und Medien, in den beruflichen Kämpfen und flottierenden Ideologien, all das fand bei ihm i...

Full description

Saved in:
Bibliographic Details
Main Author: Kneissl, Franz E., 1945-
Other Authors: Steiner, Martina Pfeifer., Kapfinger, Otto., Pirhofer, Gottfried, 1950-
Format: Book
Language:German
Published: Wien : Sonderzahl, c2017.
Subjects:
Tags: Add Tag
No Tags, Be the first to tag this record!
LEADER 02005cam a2200337Ia 4500
001 13020342
005 20180301143026.0
008 171229s2017 au ah b 000 0 ger d
035 |a (OCoLC)on1017082043 
040 |a OHX  |b eng  |c OHX  |d JPG  |d OCLCF 
016 7 |a 1132345138  |2 GyFmDB 
020 |a 9783854494874  |q (pbk.) 
020 |a 3854494874  |q (pbk.) 
024 3 |a 9783854494874 
035 |a (OCoLC)1017082043 
050 4 |a NA27  |b .K54 2017 
072 7 |a PT  |2 lcco 
049 |a ZCUA 
100 1 |a Kneissl, Franz E.,  |d 1945- 
245 1 4 |a Der Praterstern ist kein Himmelskörper :  |b gesammelte Texte /  |c Franz E. Kneissl ; herausgegeben von Martina Pfeifer Steiner ; mit Beiträgen von Otto Kapfinger, Gottfried Pirhofer. 
260 |a Wien :  |b Sonderzahl,  |c c2017. 
300 |a 335 pages :  |b illustrations, facsimiles ;  |c 23 cm 
500 |a Collection of texts partly published previously. 
504 |a Includes bibliographical references. 
520 |a "Kneissls Gabe der Registrierung, der Beschreibung feinster Nuancen und Verhaltensmuster im Alltagsleben, im Ballett der öffentlichen und privaten Raumnutzungen, in den grotesken Powerplays von Politik und Medien, in den beruflichen Kämpfen und flottierenden Ideologien, all das fand bei ihm im fortschreitenden Alter ein ihm adäquateres Feld in Texten, in Studien und Wettbewerbskonzepten und konzentrierte sich mehr und mehr im literarischen Bereich. Neben immer noch gültigen Beiträgen in Fachjournalen fand sein Architektur-Roman viel Anerkennung in Literaturkreisen. Kneissls Schreiben bot ein skurriles, hellsichtiges, surreal wahrhaftiges Sittenbild unserer Zeit - aus der Perspektive seines beruflichen Milieus; eine narrativ locker verbundene Montage dispersester Wirklichkeits-Zitate"--Otto Kapfinger. 
650 0 |a Architecture. 
650 7 |a Architecture.  |2 fast  |0 (OCoLC)fst00813346 
700 1 |a Steiner, Martina Pfeifer. 
700 1 |a Kapfinger, Otto. 
700 1 |a Pirhofer, Gottfried,  |d 1950- 
852 0 0 |b glx  |h NA27  |i .K54 2017g